| 000 | 00881nam a2200301Ia 4500 | ||
|---|---|---|---|
| 008 | 181129s9999 xx 000 0 und d | ||
| 020 | _a9781785830242 | ||
| 050 | _a370.1 | ||
| 050 | _bO116 2016 | ||
| 100 | _aOakes, Steve | ||
| 245 | 6 | _aThe A level mindset : | |
| 245 | 0 | _b40 activities for transforming student commitment, motivation and productivity / | |
| 245 | 0 | _cby Steve Oakes and Martin Griffin. | |
| 260 | _aCamarthen, Wales : | ||
| 260 | _bCrown House Publishing Limited, | ||
| 260 | _c2016 | ||
| 300 | _a147 pages : | ||
| 300 | _billustrations ; | ||
| 300 | _c23cm. | ||
| 650 | _aA-level examinations -- | ||
| 650 | _aEducational tests and measurements -- | ||
| 650 | _aStudents -- | ||
| 650 | _xGreat Britain. | ||
| 650 | _xPsychology. | ||
| 650 | _xStudy and teaching -- Great Britain. | ||
| 700 | _aGriffin, Martin. | ||
| 700 | _aTitle. | ||
| 999 |
_c360185 _d360185 |
||